Southville International School and Colleges
Your cart is empty.
  • Cart
  • Lists
    Public lists Eva Luna New books Lux_list list_1
    Your lists Log in to create your own lists
  • Log in to your account
  • Your cookies
  • Search history
Southville International School and Colleges
  • Advanced search
  • Recent comments
  • Most popular
  • Libraries

Log in to your account

Log in with GOOGLE


If you do not have an external account, but do have a local account, you can still log in:

  1. Home
  2. MARC view: The ghost manual (healing of a soul) :
Normal view MARC view ISBD view

The ghost manual (healing of a soul) : (Record no. 288613)

[ view plain ]
MARC details
000 -LEADER
fixed length control field 00651nam a22002050 4500
001 - CONTROL NUMBER
control field ocm9718938036
003 - CONTROL NUMBER IDENTIFIER
control field PILC
005 - DATE AND TIME OF LATEST TRANSACTION
control field 20150907071458.0
008 - FIXED-LENGTH DATA ELEMENTS--GENERAL INFORMATION
fixed length control field 981107s1996
020 ## - INTERNATIONAL STANDARD BOOK NUMBER
International Standard Book Number 9718938036
Terms of availability 171.0000
050 ## - LIBRARY OF CONGRESS CALL NUMBER
Classification number BF 1461
Item number .R263 1996
100 1# - MAIN ENTRY--PERSONAL NAME
Personal name Regis, Frank B.
245 14 - TITLE STATEMENT
Title The ghost manual (healing of a soul) :
Remainder of title everything you've always wanted to know about ghosts but were very afraid to ask... /
Statement of responsibility, etc Josef Frank B. Regis.
260 ## - PUBLICATION, DISTRIBUTION, ETC. (IMPRINT)
Place of publication, distribution, etc Manila :
Name of publisher, distributor, etc InterSelf Foundation,
Date of publication, distribution, etc 1996.
300 ## - PHYSICAL DESCRIPTION
Extent 162 pages ;
Dimensions 21 cm.
650 ## - SUBJECT ADDED ENTRY--TOPICAL TERM
Topical term or geographic name as entry element Apparitions.
650 ## - SUBJECT ADDED ENTRY--TOPICAL TERM
Topical term or geographic name as entry element Ghosts.
650 ## - SUBJECT ADDED ENTRY--TOPICAL TERM
Topical term or geographic name as entry element Spiritualism.
942 ## - ADDED ENTRY ELEMENTS (KOHA)
Source of classification or shelving scheme Library of Congress Classification
Koha item type Books
Holdings
Withdrawn status Lost status Source of classification or shelving scheme Damaged status Home library Current library Shelving location Date acquired Source of acquisition Sub Shelving location Total Checkouts Total Renewals Full call number Barcode Date last seen Date checked out Price effective from Koha item type
    Library of Congress Classification   College Library College Library Filipiniana Section 09/07/2015 Donation   1 4 BF 1461 .R263 1996 C19922 05/08/2018 11/23/2016 09/07/2015 Books

The ghost manual (healing of a soul) :

APA

Regis F. B., . (1996). The ghost manual (healing of a soul). Manila: InterSelf Foundation.

Chicago

Regis Frank B, . 1996. The ghost manual (healing of a soul). Manila: InterSelf Foundation.

Harvard

Regis F. B., . (1996). The ghost manual (healing of a soul). Manila: InterSelf Foundation.

MLA

Regis Frank B, . The ghost manual (healing of a soul). Manila: InterSelf Foundation. 1996.

  • Place hold
  • Print
  • Cite
  • Add to your cart (remove)
  • Save record
    BIBTEX Dublin Core MARCXML MARC (non-Unicode/MARC-8) MARC (Unicode/UTF-8) MARC (Unicode/UTF-8, Standard) MODS (XML) RIS
  • More searches
    Search for this title in:
    Other Libraries (WorldCat) Other Databases (Google Scholar) Online Stores (Bookfinder.com) Open Library (openlibrary.org)

Exporting to Dublin Core...

SOUTHVILLE LIBRARY

Southville International School and Colleges Library

1281 Tropical Ave. Cor. Luxembourg St., BF Homes International, Las Pinas City

Tel. No. 8256374 / 252358 Loc. 117/146

Powered by Koha